Statistics for Three Countries In The World

Click here to take the quiz!

General Stats

  • This quiz has been taken 79 times
  • The average score is 21 of 27

Answer Stats

HintAnswer% Correct
Has a capital that is not the most populous city in their country in South America?Brazil
99%
Produces the most coffee?Brazil
99%
Starts with a 'J'?Japan
94%
Is an enclave completely surrounded by one other country?Lesotho
94%
Starts with a 'J'?Jamaica
93%
Has a second letter that is a 'Z'?Azerbaijan
88%
Starts with a 'J'?Jordan
88%
Is an enclave completely surrounded by one other country?Vatican City
88%
Is one of the three absolute monarchies outside of the Middle East?Vatican City
88%
Has a capital that is not the most populous city in their country in South America?Bolivia
87%
Is an enclave completely surrounded by one other country?San Marino
87%
Has a second letter that is a 'Z'?Uzbekistan
85%
Has a capital that is not the most populous city in their country in South America?Ecuador
84%
Has a green, white, and orange flag?Ireland
84%
Has Russian as an official language (but is not Russia)?Kazakhstan
84%
Border Togo?Burkina Faso
75%
Border Togo?Benin
74%
Border Togo?Ghana
74%
Has Russian as an official language (but is not Russia)?Belarus
72%
Has Russian as an official language (but is not Russia)?Kyrgyzstan
68%
Has a green, white, and orange flag?Côte d'Ivoire
62%
Has a green, white, and orange flag?Niger
62%
Is one of the three absolute monarchies outside of the Middle East?Swaziland
60%
Is one of the three absolute monarchies outside of the Middle East?Brunei
54%
Has a second letter that is a 'Z'?Czech Republic
47%
Produces the most coffee?Indonesia
46%
Produces the most coffee?Vietnam
24%

Score Distribution

Percentile by Number Answered

Percent of People with Each Score

Your Score History

You have not taken this quiz